Guide for the preparation of market briefs.

Bibliographic Details
Format: Book
Published: Geneva: ITC, 1994.
Subjects:
LEADER 00386cam a2200145 7i4500
001 0000003141
005 19991025090000.0
002 ##000004478
020 0 0 |a T000004138  
090 0 0 |a 380.1   |b GUI 
245 1 0 |a Guide for the preparation of market briefs. 
260 0 0 |a Geneva:   |b ITC,   |c 1994. 
300 0 0 |a 31 p.. 
650 0 0 |a Market surveys  
999 |a 0000004874  |b Book  |c Open shelf  |e Business Information Centre